Administración: (Registro nro. 8968)

Detalles MARC
000 -LEADER
fixed length control field 00795nam a2200205Ia 4500
005 - FECHA Y HORA DE LA ÚLTIMA TRANSACCIÓN
control field 20230823082520.0
008 - FIXED-LENGTH DATA ELEMENTS--GENERAL INFORMATION
fixed length control field 230814s9999 xx 000 0 und d
020 ## - INTERNATIONAL STANDARD BOOK NUMBER
International Standard Book Number 970-102-926-7
040 ## - CATALOGING SOURCE
Original cataloging agency UPAN
Transcribing agency Biblioteca San Vicente
Description conventions RCAA2
041 ## - LANGUAGE CODE
Language code of text/sound track or separate title spa
082 ## - DEWEY DECIMAL CLASSIFICATION NUMBER
Classification number 658
Item number B384a
año de publicación 2001
100 ## - MAIN ENTRY--PERSONAL NAME
Personal name Bateman S. Thomas
Relator code aut.
245 #0 - TITLE STATEMENT
Title Administración:
Remainder of title una ventaja competitiva/
Statement of responsibility, etc Thomas S. Bateman, Scott A. Snell
260 ## - PUBLICATION, DISTRIBUTION, ETC. (IMPRINT)
Place of publication, distribution, etc México:
Name of publisher, distributor, etc McGraw Hill,
Date of publication, distribution, etc 2001
300 ## - PHYSICAL DESCRIPTION
Extent 715 p.;
Dimensions 28 cm.
505 ## - FORMATTED CONTENTS NOTE
Formatted contents note Parte uno: fundamentos de administración<br/>Parte dos: Planeación y estrategia<br/>Parte tres: Organización e integración de personal<br/>Parte cuatro: Dirección<br/>Parte cinco: Control y cambio
650 ## - SUBJECT ADDED ENTRY--TOPICAL TERM
Source of heading or term LEMB
General subdivision Administración
700 ## - ADDED ENTRY--PERSONAL NAME
Personal name Snell, Scott A.
Relator code aut.
942 ## - ADDED ENTRY ELEMENTS (KOHA)
Koha item type Libros
Source of classification or shelving scheme Dewey Decimal Classification
Existencias
Withdrawn status Lost status Source of classification or shelving scheme Damaged status Not for loan Collection code Home library Current library Date acquired Total Checkouts Full call number Barcode Date last seen Copy number Price effective from Koha item type
    Dewey Decimal Classification     Colección General Biblioteca UPAN San Vicente Biblioteca UPAN San Vicente 14/08/2023   658 B384a 12001638 14/08/2023 01 14/08/2023 Libros